| 000 | 01009cam a22002774a 4500 | ||
|---|---|---|---|
| 999 |
_c6038 _d6038 |
||
| 001 | 13408271 | ||
| 003 | GZU | ||
| 005 | 20210415095510.0 | ||
| 008 | 031118s2004 nyua b 001 0 eng | ||
| 010 | _a 2003066022 | ||
| 020 | _a0387205748 (alk. paper) | ||
| 040 |
_aDLC _cDLC _dDLC |
||
| 042 | _apcc | ||
| 050 | 0 | 0 |
_aTA347.F5 _bERN 2003 |
| 100 | 1 |
_aErn, Alexandre, _d1967- _eauthor |
|
| 245 | 1 | 0 |
_aTheory and practice of finite elements / _cAlexandre Ern, Jean-Luc Guermond. |
| 260 |
_aNew York : _bSpringer, _cc2003. |
||
| 300 |
_axiii, 524 p. : _bill. ; _c24 cm. |
||
| 504 | _aIncludes bibliographical references and index. | ||
| 650 | 0 | _aFinite element method. | |
| 700 | 1 |
_aGuermond, Jean-Luc. _eauthor |
|
| 856 | 4 | 2 |
_3Publisher description _uhttp://www.loc.gov/catdir/enhancements/fy0813/2003066022-d.html |
| 856 | 4 | 1 |
_3Table of contents only _uhttp://www.loc.gov/catdir/enhancements/fy0813/2003066022-t.html |
| 906 |
_a7 _bcbc _corignew _d1 _eocip _f20 _gy-gencatlg |
||
| 942 |
_2lcc _cBK _h347.F5 _iERN _kTA |
||